| 000 | 00000nam##2200000za#4500 |
| 001 | 9.641995 |
| 003 | CaOODSP |
| 005 | 20210624223500 |
| 007 | cr ||||||||||| |
| 008 | 150407|2005||||xxc|||||o f|0| 0 fre|d |
| 040 | |aCaOODSP|bfre |
| 043 | |an-cn--- |
| 086 | 1 |aEn4-209/2005F-PDF |
| 110 | 1 |aCanada. |bEnvironnement Canada. |
| 245 | 10|aSuivi de la vérification et de l'évaluation des subventions et contributions versées à des catégories de bénéficiaires |h[ressource électronique] |
| 260 | |aGatineau - Québec : |bEnvironnement Canada |cNovembre 2005. |
| 300 | |a29p.|btableaux |
| 590 | |a13-14-Supp|b2013-05-30 |
| 775 | 08|tFollow-up to the audit and evaluation of class grants and contributions |w(CaOODSP)9.697998 |
| 856 | 40|ahttp://publications.gc.ca|qPDF|s122 Ko|uhttps://publications.gc.ca/collections/collection_2013/ec/En4-209-2005-fra.pdf |